Lympstone Case study - Statistics

General Stats
  • This quiz has been taken 18 times
  • The average score is 7 of 16
Answer Stats
Hint Answer % Correct
What century was it a small port? 13
100%
What year did Meteorological Office move from Reading to Exeter? 2003
100%
What % of residents are white? 99
100%
What century where shipbuilding thrived? 19
75%
How many members on Parish council? 11
50%
How many km south of Exeter? 15
50%
What % of residents are owner occupiers? 66
50%
What % of residents do not have access to a car? 13
25%
When was there a growth in tourism? 1840
25%
When was railway built? 1861
25%
What % of residents are 65+? 25
25%
Part of what council? Devon
25%
What % of residents socially rent? 12
0%
What % of residents aged 16+ do not have formal qualifacations? 14
0%
What % of employed residents are managers/professionals? 33
0%
What % of residents have bad/very bad health? 4
0%
No matching quizzes found
Score Distribution
Percent of People with Each Score
Percentile by Number Answered
Your Score History
You have not taken this quiz